Normal view
MARC view
- Pavements
Entry Topical Term
001 - CONTROL NUMBER
- control field: 22050
003 - CONTROL NUMBER IDENTIFIER
- control field: NUST
005 - DATE AND TIME OF LATEST TRANSACTION
- control field: 20190930121519.0
008 - FIXED-LENGTH DATA ELEMENTS
- fixed length control field: 190930|| aca||aabn | a|a d
040 ## - CATALOGING SOURCE
- Original cataloging agency: NUST
- Transcribing agency: NUST
150 ## - HEADING--TOPICAL TERM
- Topical term or geographic name entry element: Pavements
- Geographic subdivision: United States
- General subdivision: Testing.
670 ## - SOURCE DATA FOUND
- Source citation: Work cat.: (NUST)0: Gramling, W. L. 21790, Current practices in determining pavement condition /, 1994.
